Anyone can be rich : (Record no. 3482)

MARC details
000 -LEADER
fixed length control field 01223cam a2200373 a 4500
001 - CONTROL NUMBER
control field 16696677
003 - CONTROL NUMBER IDENTIFIER
control field OSt
005 - DATE AND TIME OF LATEST TRANSACTION
control field 20260306102128.0
008 - FIXED-LENGTH DATA ELEMENTS--GENERAL INFORMATION
fixed length control field 110318s2006 ke a 000 0 eng
010 ## - LIBRARY OF CONGRESS CONTROL NUMBER
LC control number 2011342413
020 ## - INTERNATIONAL STANDARD BOOK NUMBER
International Standard Book Number 6166000030707
035 ## - SYSTEM CONTROL NUMBER
System control number 16696677
035 ## - SYSTEM CONTROL NUMBER
System control number (OCoLC)711645126
040 ## - CATALOGING SOURCE
Original cataloging agency DLC
Language of cataloging eng
Transcribing agency OGU
Modifying agency INU
-- STF
-- DLC
042 ## - AUTHENTICATION CODE
Authentication code pcc
-- lcode
-- lccopycat
043 ## - GEOGRAPHIC AREA CODE
Geographic area code f-ke---
050 00 - LIBRARY OF CONGRESS CALL NUMBER
Classification number HC865
Item number .S27 2006
100 1# - MAIN ENTRY--PERSONAL NAME
Personal name Satchu, Aly-Khan.
Relator term author
245 10 - TITLE STATEMENT
Title Anyone can be rich :
Remainder of title Kenya economy and the Nairobi Stock Exchange
Statement of responsibility, etc. by Aly-Khan Satchu
260 ## - PUBLICATION, DISTRIBUTION, ETC.
Place of publication, distribution, etc. Nairobi :
Name of publisher, distributor, etc. English Press Ltd,
Date of publication, distribution, etc. c2006
300 ## - PHYSICAL DESCRIPTION
Extent 151 p. :
Other physical details ill. ;
Dimensions 25 cm.
336 ## - CONTENT TYPE
Content type term text
Content type code txt
Source rdacontent
337 ## - MEDIA TYPE
Media type term unmediated
Media type code n
Source rdamedia
338 ## - CARRIER TYPE
Carrier type term volume
Carrier type code nc
Source rdacarrier
610 20 - SUBJECT ADDED ENTRY--CORPORATE NAME
Corporate name or jurisdiction name as entry element Nairobi Stock Exchange.
650 #0 - SUBJECT ADDED ENTRY--TOPICAL TERM
Topical term or geographic name entry element Stocks
Geographic subdivision Kenya.
650 #0 - SUBJECT ADDED ENTRY--TOPICAL TERM
Topical term or geographic name entry element Investments
Geographic subdivision Kenya.
651 #0 - SUBJECT ADDED ENTRY--GEOGRAPHIC NAME
Geographic name Kenya
General subdivision Economic conditions.
906 ## - LOCAL DATA ELEMENT F, LDF (RLIN)
a 7
b cbc
c copycat
d 3
e ncip
f 20
g y-gencatlg
942 ## - ADDED ENTRY ELEMENTS (KOHA)
Source of classification or shelving scheme Library of Congress Classification
Koha item type Books
Suppress in OPAC No
Holdings
Withdrawn status Lost status Source of classification or shelving scheme Damaged status Not for loan Home library Current library Shelving location Date acquired Source of acquisition Total checkouts Full call number Barcode Date last seen Price effective from Koha item type
    Library of Congress Classification     Main Campus 2nd Floor Main Library General stacks 03/06/2026 Donation by DR. Christine Murungi   HC865 .S27 2006 107353 03/06/2026 03/06/2026 Books